The Waiter (Record no. 863)

MARC details
000 -LEADER
Fixed length control field 00475nam a2200181 4500
003 - CONTROL NUMBER IDENTIFIER
Control field SEACOMMC
005 - DATE AND TIME OF LATEST TRANSACTION
Control field 20250426131536.0
008 - FIXED-LENGTH DATA ELEMENTS--GENERAL INFORMATION
Fixed length control field 241211b |||||||| |||| 00| 0 eng d
020 ## - INTERNATIONAL STANDARD BOOK NUMBER / ISBN
International Standard Book Number 0-21416-036-X
Price Rs.200.00
040 ## - CATALOGING SOURCE
Original cataloging agency SEACOMMC
082 ## - DEWEY DECIMAL CLASSIFICATION NUMBER
Classification number 642.6
Book Number M 367
100 ## - MAIN ENTRY--PERSONAL NAME
Personal name Marshall, A. C
245 1# - TITLE STATEMENT
Title The Waiter
Statement of responsibility edited by A.C. Marshall
250 ## - EDITION STATEMENT
Edition statement 3rd rev.ed.
260 ## - IMPRINT
Place of publication Mumbai
Name of publisher Sterling Book
Date of publication 2002
650 ## - SUBJECT ADDED ENTRY--TOPICAL TERM
Topical term Hotel & Restrurent Management
942 ## - ADDED ENTRY ELEMENTS (KOHA)
Koha item type Books
Holdings
Withdrawn status Lost status Source of classification Damaged status Not for loan Home library Current library Shelving location Date acquired Total Checkouts Call number Accession number Date last seen Price effective from Koha item type Copy number
    Dewey Decimal Classification     SEACOM MANAGEMENT COLLEGE SEACOM MANAGEMENT COLLEGE Reference 06/12/2007   642.6 M 367 M-1157 11/12/2024 11/12/2024 Books  
    Dewey Decimal Classification     SEACOM MANAGEMENT COLLEGE SEACOM MANAGEMENT COLLEGE   06/12/2007   642.6 M 367 M-1158 11/12/2024 11/12/2024 Books 1
    Dewey Decimal Classification     SEACOM MANAGEMENT COLLEGE SEACOM MANAGEMENT COLLEGE   06/12/2007   642.6 M 367 M-1159 11/12/2024 11/12/2024 Books 2
© Seacom Engineering College, All rights reserved.    Powered by Koha